000 00210 a2200097 4500
001 2570
100 _aJackson, R
245 _aFlying modern jet fighter
260 _a
_bPatrick Stephers
_c
090 _c1867
_d1867
942 _aNUST-CAE
_cM
_c9635
999 _c237643
_d237643